000 00507nam a2200169Ia 4500
999 _c21137
_d21137
003 OSt
005 20200616135201.0
008 190216s9999||||xx |||||||||||||| ||und||
020 _a8126120878
040 _coclc
082 _a305.420954
_bRAJ/D
100 _aRajawat, Mamta
_92988
245 0 _aDalit Women Issues And Perspectives /
_cMamta Rajawat
260 _bAnmol Publications,
_aNew Delhi:
_c2005.
300 _a361p
942 _cBK
_2ddc
_h305.420954
_iRAJ/D
_k305.420954
_mRAJ/D